000
00299nam a2200121Ia 4500
999
_c
11943
_d
11943
082
_a
RR 423 CON;
245
0
_a
Concise English dictionary
260
_a
s.l.
_b
New Burlington Books
_c
1980
300
_a
xii, 851p.
504
_a
Ref.book
650
_a
English language - Dictionaries
942
_c
BK
_2
ddc